| 000 | 00333nam a2200133Ia 4500 | ||
|---|---|---|---|
| 008 | 191201s2010 xx 000 0 und d | ||
| 082 |
_a004.0151 _bTHC |
||
| 100 | _aTHANGARAJ, P | ||
| 245 | 0 | _aComputer Oriented Numerical Methods | |
| 250 | _aRep | ||
| 260 |
_c2010 _bBPB Publication _aNEW DELHI |
||
| 300 | _a588 | ||
| 942 |
_2ddc _cBK _05 |
||
| 999 |
_c7809 _d7809 |
||